000
00323nam a2200145Ia 4500
003
OSt
005
20240312101317.0
008
170523s9999 xx 000 0 und d
020
_a
978-0471396819
040
_c
iimtu meerut
100
_a
KATZEFF- PAUL
245
0
_a
INTERNET INVESTMENT
260
_b
WILEY
942
_2
ddc
_c
02
999
_c
1475
_d
1475